000 00822cab a2200241 4500
001 WB3444-36
008 090401t1998 xxu||||| |||| 00| 0 eng d
035 _a(Sirsi) u89839
041 _aeng
245 _aDivision of proceeds
260 _c1998
350 _a0
490 _aEstates Gazette Case Summaries
_v(1998) EGCS 153 (30/10/98) (1)
520 _a"Butcher bv Wolfe and another", an appeal against a High Court decision ordering the plaintiff to pay the defendant`s costs, following the plaintiff`s refusal of a Calderbank letter issued by the defendant. Appeal dismissed.
650 _aCALDERBANK LETTERS
650 _aFARMLAND
650 _aINDEPENDENT VALUATIONS
650 _aJOINT OWNERSHIP
650 _aTENANTS
690 _aPROPERTY-LANDLORD AND TENANT
942 _n0
948 _c20/11/1998
999 _c56869
_d56869